A rehabilitáció léptékei A szegedi lakóházak felújításáról /
Elmentve itt :
| Szerző: | |
|---|---|
| Dokumentumtípus: | Cikk |
| Megjelent: |
1979-12-02
|
| Sorozat: | Délmagyarország
69 No. 282 |
| Kulcsszavak: | lakóházépítések, felújítások |
| Online Access: | http://dmarchiv.bibl.u-szeged.hu/102764 |
| LEADER | 00518nab a2200157 i 4500 | ||
|---|---|---|---|
| 001 | delm102764 | ||
| 005 | 20190521092610.0 | ||
| 008 | 190521s1979 hu o 0|| hun d | ||
| 040 | |a SZTE Délmagyarország Archívum |b hun | ||
| 041 | |a hun | ||
| 100 | 1 | |a Halász Miklós | |
| 245 | 1 | 2 | |a A rehabilitáció léptékei |h [elektronikus dokumentum] : |b A szegedi lakóházak felújításáról / |c Halász Miklós |
| 260 | |c 1979-12-02 | ||
| 300 | |a 4 | ||
| 490 | 0 | |a Délmagyarország |v 69 No. 282 | |
| 695 | |a lakóházépítések, felújítások | ||